| 000 | 00459nam a2200145 i 4500 | ||
|---|---|---|---|
| 001 | 85478 | ||
| 003 | ES-MaACL | ||
| 007 | t| | ||
| 008 | 041129s1972 sp ||||1| spa d | ||
| 100 | 1 |
_aJuárez Moreno, Juan. _967165 |
|
| 245 | 1 | 0 |
_aCorsarios y piratas en Veracruz y Campeche / _cJuan Juárez Moreno. |
| 260 |
_aSevilla : _bEscuela de Estudios Hispano-Americanos, _c1972. |
||
| 300 |
_aXXXV, 468 p., 9 lám. ; _c24 cm. |
||
| 852 |
_aES-MaACL _jE-5287 _bR.89640 |
||
| 999 |
_c85478 _d85478 |
||